000 00472nam a2200181Ia 4500
003 0100
008 130227s9999 xx 000 0 und d
040 _cARRUPELIB
050 _aJF1061.S57 1996
100 _aSisk, Timothy D.
245 _aPower sharing and international mediation in ethnic conflicts
260 _aWashington D. C.
260 _bUnited States Institute of Peace
260 _C1996
300 _axxii
300 _b 143p. 23cm.
942 _2lcc
_01
999 _c2533
_d2533